000 00286nam a2200121Ia 4500
008 190216s9999||||xx |||||||||||||| ||und||
100 _aDaniel Defoe
245 0 _aRobinson Crusoe
260 _bOxford University Press
_c1986
300 _a130p
650 _aStories Retold
942 _cBK
999 _c13239
_d13239